Sanat - "Valot pimeyksien reunoilla" - Apulanta - Statistics

Yleistilastot
  • Tätä visaa on pelattu 95 kertaa
  • Keskiarvotulos 176 / 226
Vastaustilastot
Vastaus % Oikein
Ja
98%
ja
98%
pimeyksien
98%
reunoilla
98%
Valot
98%
kaikki
93%
Kaikki
93%
Ne
90%
ne
90%
et
89%
on
89%
On
89%
89%
kauneus
87%
loputon
87%
järjettömyys
85%
Ovat
85%
palasia
85%
sun
85%
voi
85%
Älä
84%
lauluihin
84%
toiveet
84%
usko
84%
että
82%
haaveilijan
82%
lopulta
82%
susta
82%
tekee
82%
Osa
80%
osa
80%
päättämättömyys
80%
sua
80%
tarkoituksen
80%
harvassa
79%
Mutta
79%
mutta
79%
käännä
77%
koittaa
77%
asioita
75%
Muista
75%
ruoskivat
75%
suojella
75%
sut
75%
arvoitusta
74%
Joka
74%
mielesi
74%
niihin
74%
peilikuvat
74%
ajatukset
72%
kauhut
72%
saada
72%
suurimmat
72%
avaimet
70%
ihmistä
70%
ikinä
70%
Joilta
70%
kaivelemaan
70%
löydät
70%
matkustaa
70%
Niillä
70%
olemassa
70%
pitkin
70%
sotkee
70%
toiveittes
70%
Itseesi
69%
jäädä
69%
taipumus
69%
jättää
67%
Kuin
67%
kuin
67%
siinä
67%
antaa
66%
himmeitä
66%
kiinni
66%
pois
66%
totuutta
66%
voit
66%
ymmärtää
66%
anteeksi
64%
kaaokseen
64%
kokoinen
64%
pitkään
64%
viisaus
64%
jonka
62%
kaunaan
62%
Ketä
62%
pitää
62%
seurata
62%
toisinaan
62%
valtameren
62%
voima
62%
helpompi
61%
jonnekin
61%
milloin
61%
polku
61%
valjastaa
61%
kääntyy
59%
Meistä
59%
oppaaksesi
59%
jokainen
57%
sisälläs
57%
Tää
57%
tää
57%
tyhjä
57%
kuori
56%
Sulla
56%
täyttää
56%
muille
54%
pelkkä
54%
kädestäs
51%
ajattomuus
48%
46%
lyönti
44%
sydämen
44%
kirkkain
43%
valoista
43%
Ehtoja vastaavia visoja ei löytynyt
Tulosjakauma
Jokaisen tuloksen saaneiden osuus
Persentiili vastausten määrän mukaan
Tuloshistoriasi
Et ole pelannut tätä visaa